| 000 | 00468 a2200157 4500 | ||
|---|---|---|---|
| 999 |
_c326 _d326 |
||
| 008 | 210713b ||||| |||| 00| 0 eng d | ||
| 020 | _a9781856092913 | ||
| 082 | 0 | 0 |
_a623.8245 _bI17 |
| 245 | _aInternational safety guide for oil tankers and terminals (ISGOTT) / | ||
| 250 | _a5th ed. | ||
| 260 |
_aScotland: _bWitherby Publishing Group Ltd, _c2016. |
||
| 300 | _axxxiv; 420 p. | ||
| 500 | _aIncluded One CD. | ||
| 650 | 0 | _aInternational Safety Guide | |
| 942 |
_2ddc _cBK |
||